| 000 | 00883cab a2200241 4500 | ||
|---|---|---|---|
| 001 | WB3219-01 | ||
| 008 | 090401t1996 xxu||||| |||| 00| 0 eng d | ||
| 035 | _a(Sirsi) u1485 | ||
| 041 | _aeng | ||
| 245 | _aInspection of comparables | ||
| 260 | _c1996 | ||
| 350 | _a0 | ||
| 490 |
_aEstates Gazette _v(9619) 11 May 1996, 123(1) |
||
| 520 | _a"Oakstead Garages v Leach Pension Scheme (Trustees) Ltd" illustrates the problems that may occur when an arbitrator issues a set of directions but then conducts proceedings differently. | ||
| 650 | _aARBITRATORS' DIRECTIONS | ||
| 650 | _aEXTENSION OF TIME | ||
| 650 | _aMISCONDUCT | ||
| 650 | _aOAKSTEAD GARAGES V LEACH PENSION SCHEME (TRUSTEES) LTD | ||
| 650 | _aRENT REVIEWS | ||
| 690 | _aMANAGEMENT-DISPUTE AVOIDANCE, MANAGEMENT AND RESOLUTION-DISPUTE MANAGEMENT AND RESOLUTION-ARBITRATION | ||
| 942 | _n0 | ||
| 948 | _c04/03/1997 | ||
| 999 |
_c829 _d829 |
||